000 005600000a22001090004500
100 1 _aCepeda, José Alejandro
245 1 0 _a¿A qué suena Bogotá?
300 _aVol.0, núm.20 (Mayo, 2007), Página 37
520 _aDe mayo a octubre el sello independiente más fuerte que existe en Bogotá presentará a sus diversas agrupaciones en el Teatro Colón. Un grupo de productores y músicos están decididos a mostrar que es posible hacer una música de la ciudad. ¿Qué es la Distritofónica?
773 0 _tArcadia / Andrés Felipe Solano, Editor
942 _cANA
999 _c62198
_d62198